00201 a2200109 4500001000700000020000600007040001100013100001700024240002300041245001800064362000900082179055 a  cMagnum aDuarte, Luiz10aCai cai balaolpor10aCai cai balao0 a1899